[Event "FRA-ch op-B"]
[Site "L'Alpe d'Huez"]
[Date "2023.08.21"]
[Round "3"]
[White "Ciarletta, Ulysse"]
[Black "Acikgoz, Tuncay"]
[Result "1-0"]
[WhiteElo "1937"]
[BlackElo "1883"]
[PlyCount "141"]
[EventDate "2023.08.19"]
[EventType "swiss"]
[EventRounds "9"]
[EventCountry "FRA"]
[SourceTitle "EXT 2024"]
[Source "ChessBase"]
[SourceDate "2023.10.10"]
[SourceVersion "1"]
[SourceVersionDate "2023.10.10"]
[SourceQuality "1"]

1. d4 d5 2. c4 e6 3. g3 Nf6 4. Bg2 Be7 5. Nf3 0-0 6. 0-0 dxc4 7. Ne5 c5 8. Na3 Qxd4 9. Qxd4 cxd4 10. Naxc4 Nc6 11. Nxc6 bxc6 12. Bxc6 Rb8 13. Bf3 Bb7 14. Bxb7 Rxb7 15. Rd1 Bc5 16. b3 Re8 17. Bf4 Ne4 18. e3 Rd7 19. Rac1 Rd5 20. exd4 Bxd4 21. Ne3 Rd7 22. Rc4 Red8 23. Be5 Ng5 24. Kg2 Bb6 25. Rxd7 Rxd7 26. Rc8+ Rd8 27. Rxd8+ Bxd8 28. f3 f6 29. Bd4 a6 30. Nc2 e5 31. Be3 Be7 32. Bxg5 fxg5 33. Kf2 Bc5+ 34. Ke2 h5 35. h3 Kf7 36. Kd3 Ke6 37. Ke4 a5 38. g4 g6 39. a3 Bb6 40. b4 a4 41. Ne1 Bd4 42. Nd3 hxg4 43. hxg4 Kd6 44. Ne1 Bb2 45. Nc2 Ke6 46. Kd3 Kd5 47. Ne3+ Kc6 48. Nc4 Bd4 49. Ke4 Kb5 50. Kd5 Bc3 51. Nd6+ Kb6 52. Kc4 Bb2 53. Nf7 Bxa3 54. Nxe5 Bb2 55. Nxg6 a3 56. Kb3 Bc1 57. Ne5 Kb5 58. Nd3 Bd2 59. Kxa3 Kc4 60. Ne5+ Kd4 61. Nf7 Bf4 62. b5 Kd5 63. Ka4 Ke6 64. Nh6 Bc7 65. Kb4 Kd5 66. Nf7 Bf4 67. Ka5 Be3 68. Ka6 Kc5 69. b6 Kc6 70. b7 Kc7 71. Nd8 1-0

[Event "Cassis op 1st"]
[Site "Cassis"]
[Date "2022.05.27"]
[Round "3"]
[White "Acikgoz, Tuncay"]
[Black "Derige Kane, Yan"]
[Result "0-1"]
[WhiteElo "1874"]
[BlackElo "2161"]
[PlyCount "86"]
[EventDate "2022.05.26"]
[EventType "swiss"]
[EventRounds "7"]
[EventCountry "FRA"]
[SourceTitle "CBM 208 Extra"]
[Source "ChessBase"]
[SourceDate "2022.07.31"]
[SourceVersion "1"]
[SourceVersionDate "2022.07.31"]
[SourceQuality "1"]

1. d4 d5 2. Nf3 Nf6 3. c4 e6 4. g3 Be7 5. Bg2 0-0 6. 0-0 c6 7. Nc3 b6 8. Ne5 Bb7 9. Qa4 a6 10. Rd1 b5 11. Qb3 Nbd7 12. Nxd7 Nxd7 13. cxd5 cxd5 14. e4 dxe4 15. Nxe4 Bd5 16. Qe3 Qc7 17. Bd2 Qb7 18. Bf3 h6 19. Be1 Rac8 20. Rac1 Nb6 21. b3 Nd7 22. Nc5 Nxc5 23. Bxd5 Qxd5 24. dxc5 Bxc5 25. Qe2 Qf5 26. g4 Qg6 27. h4 Qf6 28. h5 Bd4 29. Kg2 e5 30. Qe4 Qe6 31. f3 Qd6 32. Bd2 Qa3 33. g5 Rxc1 34. Rxc1 Qxa2 35. Rc2 Qb1 36. gxh6 Qg1+ 37. Kh3 Qh1+ 38. Kg3 Qg1+ 39. Kh3 Qf1+ 40. Kh4 Qh1+ 41. Kg3 f5 42. h7+ Kh8 43. Qe1 f4+ 0-1

[Event "Loire Cup"]
[Site "Loire"]
[Date "2015.05.10"]
[Round "2.1"]
[White "Acikgoz, Tuncay"]
[Black "Moreira, Philippe"]
[Result "0-1"]
[WhiteElo "1610"]
[BlackElo "1986"]
[PlyCount "62"]
[EventDate "2015.05.10"]
[EventType "team-swiss"]
[EventRounds "3"]
[EventCountry "FRA"]
[SourceTitle "EXT 2016"]
[Source "ChessBase"]
[SourceDate "2015.10.08"]
[SourceVersion "1"]
[SourceVersionDate "2015.10.08"]
[SourceQuality "1"]
[WhiteTeam "ESSE"]
[BlackTeam "EDR"]
[WhiteTeamCountry "FRA"]
[BlackTeamCountry "FRA"]

1. d4 Nf6 2. Nf3 e6 3. g3 b5 4. Bg2 Bb7 5. 0-0 Be7 6. b3 0-0 7. Bb2 d6 8. Na3 a6 9. c4 b4 10. Nc2 a5 11. Nd2 Bxg2 12. Kxg2 d5 13. f3 c5 14. e4 Nc6 15. exd5 exd5 16. cxd5 Nxd4 17. Nxd4 cxd4 18. Bxd4 Qxd5 19. Nc4 Qb7 20. Qc2 Rfd8 21. Rad1 Qb5 22. Rfe1 Nd5 23. Qe4 Bf6 24. Bb6 Nxb6 25. Rxd8+ Rxd8 26. Nxb6 Rd2+ 27. Kh1 g6 28. Nc4 Rxa2 29. Nd6 Qb8 30. Qf4 Ra1 31. Rxa1 Bxa1 0-1

[Event "FRA-ch op-C"]
[Site "Saint Quentin"]
[Date "2015.??.??"]
[Round "1"]
[White "Damotte, Quentin"]
[Black "Acikgoz, Tuncay"]
[Result "1-0"]
[WhiteElo "1821"]
[BlackElo "1564"]
[PlyCount "103"]
[EventDate "2015.08.09"]
[EventType "swiss"]
[EventRounds "11"]
[EventCountry "FRA"]
[SourceTitle "EXT 2016"]
[Source "ChessBase"]
[SourceDate "2015.10.08"]
[SourceVersion "1"]
[SourceVersionDate "2015.10.08"]
[SourceQuality "1"]

1. d4 d5 2. e4 dxe4 3. Nc3 Nf6 4. f3 e3 5. Bxe3 g6 6. Bc4 Bg7 7. Nge2 0-0 8. 0-0 b6 9. Ne4 Bb7 10. N2g3 Nc6 11. c3 e5 12. Nxf6+ Bxf6 13. dxe5 Nxe5 14. Bb3 Bg7 15. Qxd8 Raxd8 16. Bg5 Rd7 17. Rad1 Re8 18. Rxd7 Nxd7 19. Rd1 Nc5 20. Bc4 Bc6 21. Bf4 Be5 22. Bxe5 Rxe5 23. Kf2 b5 24. Bb3 Nxb3 25. axb3 Rd5 26. Rxd5 Bxd5 27. b4 Kf8 28. Ke3 f5 29. Ne2 Ke7 30. Nd4 a6 31. Kf4 Kf6 32. h4 h6 33. g3 g5+ 34. hxg5+ hxg5+ 35. Ke3 Ke5 36. f4+ gxf4+ 37. gxf4+ Kf6 38. Ne2 Ke7 39. Nd4 Kf6 40. Nc2 Ke7 41. Ne1 Bb7 42. Kd4 Kd6 43. Nd3 Bc8 44. Nc5 Kc6 45. Ke5 a5 46. Ne6 axb4 47. cxb4 Kd7 48. Nd4 c6 49. Nxf5 Kc7 50. Nd4 Bh3 51. f5 Bxf5 52. Nxf5 1-0